<?xml version="1.0" encoding="UTF-8"?>
<record
    xmlns:xsi="http://www.w3.org/2001/XMLSchema-instance"
    xsi:schemaLocation="http://www.loc.gov/MARC21/slim http://www.loc.gov/standards/marcxml/schema/MARC21slim.xsd"
    xmlns="http://www.loc.gov/MARC21/slim">

  <leader>01807cam a2200325 a 4500</leader>
  <controlfield tag="001">15669269</controlfield>
  <controlfield tag="003">AUA.1</controlfield>
  <controlfield tag="005">20160729111231.0</controlfield>
  <controlfield tag="008">090323s2009    ilua     b    001 0 eng  </controlfield>
  <datafield tag="010" ind1=" " ind2=" ">
    <subfield code="a">  2009011892</subfield>
  </datafield>
  <datafield tag="020" ind1=" " ind2=" ">
    <subfield code="a">9780802490926</subfield>
  </datafield>
  <datafield tag="020" ind1=" " ind2=" ">
    <subfield code="a">0802490921</subfield>
  </datafield>
  <datafield tag="035" ind1=" " ind2=" ">
    <subfield code="a">(OCoLC)ocn301890096</subfield>
  </datafield>
  <datafield tag="040" ind1=" " ind2=" ">
    <subfield code="a">DLC</subfield>
    <subfield code="c">DLC</subfield>
    <subfield code="d">BTCTA</subfield>
    <subfield code="d">DTM</subfield>
    <subfield code="d">DLC</subfield>
  </datafield>
  <datafield tag="050" ind1="0" ind2="0">
    <subfield code="a">BS476</subfield>
    <subfield code="b">.M35 2009</subfield>
  </datafield>
  <datafield tag="082" ind1="0" ind2="0">
    <subfield code="a">220.601</subfield>
    <subfield code="2">22</subfield>
  </datafield>
  <datafield tag="100" ind1="1" ind2=" ">
    <subfield code="a">McQuilkin, J. Robertson,</subfield>
    <subfield code="d">1927-</subfield>
  </datafield>
  <datafield tag="245" ind1="1" ind2="0">
    <subfield code="a">Understanding and applying the Bible /</subfield>
    <subfield code="c">Robertson McQuilkin.</subfield>
  </datafield>
  <datafield tag="250" ind1=" " ind2=" ">
    <subfield code="a">Rev. and exp.</subfield>
  </datafield>
  <datafield tag="260" ind1=" " ind2=" ">
    <subfield code="a">Chicago, IL. :</subfield>
    <subfield code="b">Moody Publishers,</subfield>
    <subfield code="c">c2009.</subfield>
  </datafield>
  <datafield tag="300" ind1=" " ind2=" ">
    <subfield code="a">382 p. ;</subfield>
    <subfield code="b">ill. ;</subfield>
    <subfield code="c">23 cm.</subfield>
  </datafield>
  <datafield tag="504" ind1=" " ind2=" ">
    <subfield code="a">Includes bibliographical references (p. [353]-356) and indexes.</subfield>
  </datafield>
  <datafield tag="505" ind1="0" ind2=" ">
    <subfield code="a">Presupposition of biblical interpretation -- Supernaturalistic approaches of premoderns -- The naturalistic approaches of moderns -- The naturalistic approaches of postmoderns -- Dogmatic approaches -- Basic principles for understanding the Bible -- Understanding human language -- Historical, physical, and cultural setting -- A method of word study -- Analyzing thought structure -- Examining the context -- Figurative language -- Parables Hebrew poetry -- Unity of Scripture -- Coherence of truth -- Approach to alleged discrepancies -- Biblical prophecy -- Identifying the audience God intended -- Identifying the response God desires.</subfield>
  </datafield>
  <datafield tag="630" ind1="0" ind2="0">
    <subfield code="a">Bible</subfield>
    <subfield code="x">Hermeneutics.</subfield>
  </datafield>
  <datafield tag="630" ind1="0" ind2="0">
    <subfield code="a">Bible</subfield>
    <subfield code="x">Criticism, interpretation, etc.</subfield>
  </datafield>
  <datafield tag="856" ind1="4" ind2="1">
    <subfield code="3">Table of contents only</subfield>
  </datafield>
  <datafield tag="906" ind1=" " ind2=" ">
    <subfield code="a">7</subfield>
    <subfield code="b">cbc</subfield>
    <subfield code="c">orignew</subfield>
    <subfield code="d">1</subfield>
    <subfield code="e">ecip</subfield>
    <subfield code="f">20</subfield>
    <subfield code="g">y-gencatlg</subfield>
  </datafield>
  <datafield tag="942" ind1=" " ind2=" ">
    <subfield code="2">lcc</subfield>
    <subfield code="c">BOOK</subfield>
    <subfield code="h">BS 476</subfield>
    <subfield code="i">.M35 2009</subfield>
  </datafield>
  <datafield tag="999" ind1=" " ind2=" ">
    <subfield code="c">15108</subfield>
    <subfield code="d">15108</subfield>
  </datafield>
  <datafield tag="952" ind1=" " ind2=" ">
    <subfield code="0">0</subfield>
    <subfield code="1">0</subfield>
    <subfield code="2">lcc</subfield>
    <subfield code="4">0</subfield>
    <subfield code="7">0</subfield>
    <subfield code="8">Books</subfield>
    <subfield code="a">AUA.1</subfield>
    <subfield code="b">AUA.1</subfield>
    <subfield code="c">GS</subfield>
    <subfield code="d">2016-07-29</subfield>
    <subfield code="e">Bought by JTL</subfield>
    <subfield code="g">13.95</subfield>
    <subfield code="h">AUA018277</subfield>
    <subfield code="l">3</subfield>
    <subfield code="o">BS 476 .M35 2009</subfield>
    <subfield code="p">AUA018277</subfield>
    <subfield code="r">2024-03-18 06:17:01</subfield>
    <subfield code="s">2024-03-17</subfield>
    <subfield code="v">13.95</subfield>
    <subfield code="w">2016-07-29</subfield>
    <subfield code="y">BOOK</subfield>
  </datafield>
</record>
